[Event "Europa ch 2014"]
[Site "Yerevan ARM"]
[Date "2014.03.05"]
[Round "3.86"]
[White "Apresyan, Zohrak"]
[Black "Melia, Salome"]
[Result "1/2-1/2"]
[WhiteElo "2136"]
[BlackElo "2453"]
[PlyCount "151"]
[EventDate "2014.03.03"]
[EventType "swiss"]
[EventRounds "11"]
[EventCountry "ARM"]
[Source "lmi"]
[SourceDate "2014.03.02"]

1. e4 c5 2. Nf3 Nc6 3. Bb5 g6 4. Bxc6 bxc6 5. Nc3 Bg7 6. O-O d6 7. d3 e5 8. Nd2
Ne7 9. Qe1 g5 10. Nc4 h6 11. Ne2 O-O 12. Qa5 Qd7 13. Ng3 Rb8 14. Ne3 Rb5 15.
Qa3 Qc7 16. Bd2 Be6 17. c4 Rb7 18. Bc3 Qd7 19. Rac1 Rfb8 20. Rfe1 Kh7 21. Rcd1
Kg6 22. Qa4 d5 23. exd5 cxd5 24. Qxd7 Rxd7 25. cxd5 Nxd5 26. Nxd5 Rxd5 27. Re4
Rbd8 28. h4 gxh4 29. Rxh4 Rxd3 30. Rxd3 Rxd3 31. Ra4 Rd7 32. Ne4 Rc7 33. Ra5 c4
34. Bxe5 Bxe5 35. Rxe5 Rb7 36. b3 cxb3 37. axb3 Bxb3 38. Ra5 Rc7 39. Ra6+ Be6
40. Kh2 Kf5 41. Nd6+ Ke5 42. Nb5 Rc2 43. f4+ Kf6 44. f5 Ra2 45. Rxa2 Bxa2 46.
Nxa7 Kxf5 47. Nb5 Kf4 48. Nd4 Bc4 49. Kg1 Ke4 50. Nc2 Bd3 51. Nb4 Bb5 52. Kf2
h5 53. Nc2 Ba4 54. Ne1 Bd1 55. g3 Bg4 56. Ng2 f6 57. Nh4 Bd7 58. Ng2 Kf5 59.
Nh4+ Kg4 60. Nf3 Bc6 61. Nd4 Be4 62. Ne2 f5 63. Nd4 Bd5 64. Ne2 Bf3 65. Nd4 Bd1
66. Ne6 Bb3 67. Nd4 Bc4 68. Nf3 Bd5 69. Nd4 f4 70. gxf4 Kxf4 71. Kg1 Bc4 72.
Kh2 Ke4 73. Nc6 Bf7 74. Kg3 Be8 75. Kh4 Bxc6 76. Kxh5 1/2-1/2

[Event "Europa ch 2014"]
[Site "Yerevan ARM"]
[Date "2014.03.05"]
[Round "3.87"]
[White "Hakobyan, Aram"]
[Black "Chibukhchian, Artur"]
[Result "0-1"]
[WhiteElo "2103"]
[BlackElo "2446"]
[PlyCount "80"]
[EventDate "2014.03.03"]
[EventType "swiss"]
[EventRounds "11"]
[EventCountry "ARM"]
[Source "lmi"]
[SourceDate "2014.03.02"]

1. Nf3 d5 2. c4 d4 3. b4 f6 4. e3 e5 5. c5 a5 6. Bc4 axb4 7. Qb3 Nh6 8. exd4 e4
9. Qe3 Qe7 10. Nh4 g5 11. d3 gxh4 12. dxe4 Nc6 13. O-O Ng4 14. Qd3 h3 15. Qxh3
Qxe4 16. Bb2 Bd7 17. Nc3 bxc3 18. Rae1 Nge5 19. Qxc3 Qxd4 20. Qxd4 Nxd4 21.
Bxd4 O-O-O 22. Bxe5 fxe5 23. Rxe5 Bg7 24. Re7 Bf6 25. Rf7 Rdf8 26. Re1 Rxf7 27.
Bxf7 Rf8 28. Be6 Bxe6 29. Rxe6 Bd4 30. Re2 Bxc5 31. g4 Rf4 32. h3 Kd7 33. Kg2
Bd6 34. Rd2 c5 35. g5 b5 36. f3 c4 37. Kf2 c3 38. Rc2 b4 39. Ke3 Ke6 40. Rg2
Kf5 0-1

[Event "Europa ch 2014"]
[Site "Yerevan ARM"]
[Date "2014.03.05"]
[Round "3.88"]
[White "Kreisl, Robert"]
[Black "Yayloyan, Konstantin"]
[Result "1-0"]
[WhiteElo "2437"]
[BlackElo "1963"]
[PlyCount "83"]
[EventDate "2014.03.03"]
[EventType "swiss"]
[EventRounds "11"]
[EventCountry "ARM"]
[Source "lmi"]
[SourceDate "2014.03.02"]

1. Nf3 Nf6 2. g3 g6 3. b3 Bg7 4. Bb2 O-O 5. Bg2 d6 6. d4 Nbd7 7. O-O e5 8. dxe5
Ng4 9. Qd2 Ndxe5 10. c4 Nxf3+ 11. exf3 Ne5 12. f4 Nd7 13. Bxg7 Kxg7 14. Nc3 a5
15. Rfe1 Nc5 16. Qd4+ f6 17. Re3 Be6 18. Bxb7 Nxb7 19. Rxe6 Nc5 20. Re3 h5 21.
Rae1 Rf7 22. h4 c6 23. Rd1 Rd7 24. f5 Rb8 25. fxg6 a4 26. Ne4 Ne6 27. Qd2 axb3
28. axb3 d5 29. Nc3 Nc5 30. cxd5 Nxb3 31. Qe2 Kxg6 32. dxc6 Rxd1+ 33. Nxd1 Nd4
34. Qd3+ Nf5 35. Qc2 Qd5 36. Rc3 Kg7 37. Rc5 Nd4 38. Rxd5 Nxc2 39. c7 Rc8 40.
Rd7+ Kg6 41. Ne3 Nd4 42. Nd5 1-0

[Event "Europa ch 2014"]
[Site "Yerevan ARM"]
[Date "2014.03.05"]
[Round "3.89"]
[White "Sargsyan, Shushanna"]
[Black "Minasian, Ara"]
[Result "1/2-1/2"]
[WhiteElo "2093"]
[BlackElo "2432"]
[PlyCount "82"]
[EventDate "2014.03.03"]
[EventType "swiss"]
[EventRounds "11"]
[EventCountry "ARM"]
[Source "lmi"]
[SourceDate "2014.03.02"]

1. Nf3 d6 2. d4 f5 3. c4 Nf6 4. Nc3 g6 5. g3 Bg7 6. Bg2 O-O 7. O-O Qe8 8. Re1
e5 9. dxe5 dxe5 10. e4 fxe4 11. Ng5 Bg4 12. Qb3 Nc6 13. Be3 Rb8 14. Ncxe4 Nxe4
15. Nxe4 Kh8 16. Bc5 Nd4 17. Bxd4 exd4 18. h3 Bf5 19. Nc5 Qf7 20. Bd5 Qf6 21.
Kh2 b6 22. Ne6 Bxe6 23. Rxe6 Qxf2+ 24. Bg2 Rbe8 25. Rxe8 Rxe8 26. Rf1 Qe2 27.
Rf7 Rd8 28. Qf3 Qxb2 29. Rxc7 h6 30. Qd3 Qc3 31. Qxg6 d3 32. Rd7 Rf8 33. Rxd3
Qf6 34. Qe4 Qf5 35. Qxf5 Rxf5 36. Be4 Rf8 37. Rd7 a5 38. Rd6 Rf6 39. Rd7 Bf8
40. Kg2 Bc5 41. Bf3 Rd6 1/2-1/2

[Event "Europa ch 2014"]
[Site "Yerevan ARM"]
[Date "2014.03.05"]
[Round "3.90"]
[White "Parvanyan, Ashot"]
[Black "Korobov, Anton"]
[Result "0-1"]
[WhiteElo "1804"]
[BlackElo "2719"]
[PlyCount "50"]
[EventDate "2014.03.03"]
[EventType "swiss"]
[EventRounds "11"]
[EventCountry "ARM"]
[Source "lmi"]
[SourceDate "2014.03.02"]

1. Nf3 Nf6 2. g3 b5 3. Bg2 Bb7 4. d4 e6 5. O-O d5 6. a4 b4 7. Ne5 Nbd7 8. Nxd7
Qxd7 9. Nd2 c5 10. dxc5 Bxc5 11. Nb3 Bd6 12. a5 Rc8 13. a6 Ba8 14. Be3 O-O 15.
Ra5 Rc4 16. Bg5 Ne4 17. Bxe4 Rxe4 18. Qd3 Rc8 19. Rd1 Rec4 20. e4 Qc7 21. exd5
Bxd5 22. Raa1 Be5 23. Ra5 h6 24. Be3 Be4 25. Qd2 Bxc2 0-1

[Event "Europa ch 2014"]
[Site "Yerevan ARM"]
[Date "2014.03.05"]
[Round "3.91"]
[White "Pavlidis, Anastasios"]
[Black "Socko, Bartosz"]
[Result "0-1"]
[WhiteElo "2340"]
[BlackElo "2654"]
[PlyCount "62"]
[EventDate "2014.03.03"]
[EventType "swiss"]
[EventRounds "11"]
[EventCountry "ARM"]
[Source "lmi"]
[SourceDate "2014.03.02"]

1. d4 Nf6 2. c4 e6 3. Nf3 b6 4. a3 Bb7 5. Nc3 d5 6. cxd5 Nxd5 7. Qc2 Nxc3 8.
bxc3 c5 9. e4 Nc6 10. Bd3 Be7 11. O-O cxd4 12. cxd4 Rc8 13. Qe2 O-O 14. Bb2 Bf6
15. Rad1 Na5 16. Bb1 Qd7 17. h4 Rfd8 18. Bc1 Nb3 19. Be3 Qa4 20. d5 exd5 21. e5
Ba6 22. Bd3 Bxd3 23. Rxd3 Be7 24. Bg5 Bxg5 25. Nxg5 Qxh4 26. Nxf7 Nc1 27. Qd2
Nxd3 28. Nxd8 Qe4 29. Rd1 Nf4 30. f3 Qf5 31. Nb7 Rc2 0-1

[Event "Europa ch 2014"]
[Site "Yerevan ARM"]
[Date "2014.03.05"]
[Round "3.92"]
[White "Nevednichy, Vladislav"]
[Black "Ramazian, Arshak"]
[Result "1-0"]
[WhiteElo "2591"]
[BlackElo "2336"]
[PlyCount "89"]
[EventDate "2014.03.03"]
[EventType "swiss"]
[EventRounds "11"]
[EventCountry "ARM"]
[Source "lmi"]
[SourceDate "2014.03.02"]

1. e4 e5 2. Nf3 Nc6 3. Bc4 Bc5 4. d3 Nf6 5. c3 a6 6. O-O Ba7 7. h3 h6 8. Re1
O-O 9. Nbd2 d6 10. Bb3 Be6 11. Bc2 d5 12. exd5 Qxd5 13. b4 Rad8 14. Bb2 Bf5 15.
Ne4 Nxe4 16. dxe4 Qb5 17. Nd2 Be6 18. a4 Qb6 19. Rf1 Ne7 20. Bc1 Ng6 21. Qf3
Nf4 22. Nb1 Bc4 23. Be3 Qg6 24. Bxa7 Bxf1 25. Kxf1 b6 26. a5 Qc6 27. g3 Qc4+
28. Kg1 Nxh3+ 29. Kg2 Ng5 30. Qe3 f5 31. Nd2 Qc6 32. Bb3+ Kh8 33. Qxg5 hxg5 34.
Rh1+ Qh6 35. Rxh6+ gxh6 36. Nf3 fxe4 37. Nxe5 e3 38. fxe3 Rd2+ 39. Kh3 Rf5 40.
axb6 cxb6 41. Nc4 Rdf2 42. Nd6 R5f3 43. Bxb6 h5 44. Ne4 Rb2 45. Bd5 1-0

[Event "Europa ch 2014"]
[Site "Yerevan ARM"]
[Date "2014.03.05"]
[Round "3.93"]
[White "Alaverdyan, Gevorg"]
[Black "Mastrovasilis, Athanasios"]
[Result "0-1"]
[WhiteElo "2311"]
[BlackElo "2554"]
[PlyCount "68"]
[EventDate "2014.03.03"]
[EventType "swiss"]
[EventRounds "11"]
[EventCountry "ARM"]
[Source "lmi"]
[SourceDate "2014.03.02"]

1. Nf3 Nf6 2. g3 b6 3. Bg2 Bb7 4. d4 c5 5. c4 cxd4 6. Qxd4 Nc6 7. Qf4 e6 8. Nc3
Bb4 9. O-O Bxc3 10. bxc3 Rc8 11. e4 d6 12. Rd1 e5 13. Qh4 Qe7 14. Qg5 h6 15.
Qxg7 Rh7 16. Qxh7 Nxh7 17. Nh4 Rd8 18. Nf5 Qc7 19. Ba3 Bc8 20. Nxd6+ Rxd6 21.
Bxd6 Qb7 22. f4 Bg4 23. Rd5 Nf6 24. h3 Be2 25. fxe5 Nxd5 26. exd5 Nd8 27. e6
fxe6 28. dxe6 Qc8 29. Re1 Qxc4 30. e7 Nf7 31. Bf4 Qc5+ 32. Kh1 Qf2 33. Bd2 Bf3
34. Rg1 Qxg3 0-1

[Event "Europa ch 2014"]
[Site "Yerevan ARM"]
[Date "2014.03.05"]
[Round "3.94"]
[White "Mkrtchian, Lilit"]
[Black "Vardanian, Hakob"]
[Result "1-0"]
[WhiteElo "2465"]
[BlackElo "2270"]
[PlyCount "51"]
[EventDate "2014.03.03"]
[EventType "swiss"]
[EventRounds "11"]
[EventCountry "ARM"]
[Source "lmi"]
[SourceDate "2014.03.02"]

1. c4 c5 2. Nf3 g6 3. d4 cxd4 4. Nxd4 Nc6 5. e4 Nf6 6. Nc3 Nxd4 7. Qxd4 d6 8.
Bg5 Bg7 9. Qd2 Be6 10. Rc1 a5 11. Bd3 a4 12. O-O O-O 13. Rfe1 Nd7 14. f4 Qb6+
15. Kh1 Qd4 16. Nb5 Qxb2 17. Rc2 a3 18. Rxb2 axb2 19. Bxe7 Rxa2 20. Bb1 Rfa8
21. Nxd6 Ra1 22. f5 Nc5 23. fxe6 f5 24. exf5 gxf5 25. Nxf5 Rxb1 26. Rxb1 1-0

[Event "Europa ch 2014"]
[Site "Yerevan ARM"]
[Date "2014.03.05"]
[Round "3.95"]
[White "Givon, Asaf"]
[Black "Manukyan, Sargis V"]
[Result "1-0"]
[WhiteElo "2449"]
[BlackElo "2268"]
[PlyCount "95"]
[EventDate "2014.03.03"]
[EventType "swiss"]
[EventRounds "11"]
[EventCountry "ARM"]
[Source "lmi"]
[SourceDate "2014.03.02"]

1. e4 e6 2. d4 d5 3. Nd2 Be7 4. e5 c5 5. Qg4 Bf8 6. dxc5 Nc6 7. Ngf3 Nh6 8. Qf4
Bxc5 9. Nb3 Be7 10. Bd3 f6 11. Qg3 Nf7 12. Qxg7 fxe5 13. Bxh7 Bf6 14. Qg6 Kf8
15. h4 e4 16. Bg5 Bxg5 17. Nxg5 Nce5 18. Qh5 Qf6 19. O-O-O Bd7 20. Nc5 Ke7 21.
Nxd7 Nxd7 22. Nxf7 Qxf7 23. Qxf7+ Kxf7 24. Bxe4 Ke7 25. Bf3 Raf8 26. Rd2 Rf4
27. Re1 Kd6 28. Rde2 e5 29. Rd2 Nf6 30. h5 Rh7 31. c3 b6 32. Bxd5 Nxd5 33. Red1
Ke6 34. Rxd5 Rxf2 35. g4 Kf6 36. Re1 Re7 37. g5+ Kf5 38. g6 Rg2 39. Rd2 Rg4 40.
Rf1+ Kg5 41. Rh2 e4 42. Kd2 Rd7+ 43. Ke2 Rg3 44. Rd1 Re7 45. h6 Kxg6 46. h7
Rxh7 47. Rd6+ Kf5 48. Rxh7 1-0

[Event "Europa ch 2014"]
[Site "Yerevan ARM"]
[Date "2014.03.05"]
[Round "3.96"]
[White "Tari, Aryan"]
[Black "Dilanyan, Grigor"]
[Result "1/2-1/2"]
[WhiteElo "2424"]
[BlackElo "2266"]
[PlyCount "108"]
[EventDate "2014.03.03"]
[EventType "swiss"]
[EventRounds "11"]
[EventCountry "ARM"]
[Source "lmi"]
[SourceDate "2014.03.02"]

1. c4 Nf6 2. Nc3 c5 3. Nf3 g6 4. d4 cxd4 5. Nxd4 Bg7 6. e4 d6 7. Be2 Nc6 8. Be3
O-O 9. O-O Bd7 10. Nb3 b6 11. f3 Rc8 12. Rc1 Ne5 13. Nd5 Nxd5 14. exd5 Ba4 15.
Qd2 Bxb3 16. axb3 Rc7 17. b4 Qc8 18. b3 Nd7 19. b5 Nc5 20. Qa2 Qf5 21. Rcd1 Qe5
22. Bd4 Qxd4+ 23. Rxd4 Bxd4+ 24. Kh1 Ra8 25. b4 Nd7 26. f4 Bc3 27. Rb1 Bg7 28.
h3 Nf6 29. Bd3 Nd7 30. Rb3 Bd4 31. Ra3 h5 32. Qe2 Nf6 33. Qd2 Nd7 34. f5 Bf6
35. fxg6 Ne5 36. gxf7+ Kxf7 37. Bf5 Rh8 38. Rg3 h4 39. Ra3 Nxc4 40. Qc2 Nxa3
41. Qxc7 Nxb5 42. Qb7 Nd4 43. Bg4 a5 44. bxa5 bxa5 45. Qa7 a4 46. Qxa4 Rb8 47.
Qd1 Ra8 48. g3 hxg3 49. Qb1 Kg7 50. Bh5 Kh8 51. Qg6 g2+ 52. Kg1 Nf3+ 53. Bxf3
Bd4+ 54. Kxg2 Rg8 1/2-1/2

[Event "Europa ch 2014"]
[Site "Yerevan ARM"]
[Date "2014.03.05"]
[Round "3.97"]
[White "Oganisian, Roman"]
[Black "Dastan, Muhammed Batuhan"]
[Result "0-1"]
[WhiteElo "2243"]
[BlackElo "2416"]
[PlyCount "52"]
[EventDate "2014.03.03"]
[EventType "swiss"]
[EventRounds "11"]
[EventCountry "ARM"]
[Source "lmi"]
[SourceDate "2014.03.02"]

1. e4 e5 2. Nf3 Nc6 3. d4 exd4 4. Nxd4 Bc5 5. Be3 Qf6 6. c3 Nge7 7. Bc4 O-O 8.
O-O b6 9. f4 d5 10. exd5 Na5 11. Bd3 Bb7 12. Nc2 Nxd5 13. Bxc5 bxc5 14. Qh5 g6
15. Qh6 c4 16. Be4 Qb6+ 17. Nd4 Ne3 18. Re1 Ng4 19. Qh4 Bxe4 20. Qxg4 Qxb2 21.
Nd2 Qxd2 22. Rxe4 Qxc3 23. Rae1 Rad8 24. Nf3 f5 25. Qh3 fxe4 26. Qe6+ Kh8 0-1

[Event "Europa ch 2014"]
[Site "Yerevan ARM"]
[Date "2014.03.05"]
[Round "3.98"]
[White "Kanter, Eduard"]
[Black "Matevosyan, Sedrak"]
[Result "0-1"]
[WhiteElo "2410"]
[BlackElo "2213"]
[PlyCount "92"]
[EventDate "2014.03.03"]
[EventType "swiss"]
[EventRounds "11"]
[EventCountry "ARM"]
[Source "lmi"]
[SourceDate "2014.03.02"]

1. d4 Nf6 2. c4 e6 3. Nf3 b6 4. a3 Ba6 5. Qb3 Nc6 6. Qc2 Na5 7. e4 c5 8. e5 Ng4
9. h3 Nh6 10. d5 f6 11. Bd3 Nf7 12. O-O fxe5 13. dxe6 dxe6 14. Rd1 Bb7 15. Bxh7
Bd6 16. Nc3 Qe7 17. Ne4 O-O-O 18. Bg6 Bc7 19. Rxd8+ Rxd8 20. Neg5 Nd6 21. Nh7
Nf7 22. Nhg5 Nh8 23. Be4 Nc6 24. Nxe6 Qxe6 25. Bf5 Rd1+ 26. Qxd1 Qxf5 27. Nh4
Qe6 28. Qg4 Qxg4 29. hxg4 Na5 30. b4 Nxc4 31. bxc5 bxc5 32. Bg5 Nf7 33. Be7
Ncd6 34. Nf5 Nxf5 35. gxf5 Bd6 36. f6 gxf6 37. Bxf6 Kd7 38. g4 Ke6 39. g5 c4
40. Rd1 Bxa3 41. g6 Kxf6 42. gxf7 Be4 43. Ra1 Be7 44. Rxa7 c3 45. Rc7 c2 46. f3
Bf5 0-1

[Event "Europa ch 2014"]
[Site "Yerevan ARM"]
[Date "2014.03.05"]
[Round "3.99"]
[White "Pavlidou, Ekaterini"]
[Black "Meribanov, Vitaly"]
[Result "0-1"]
[WhiteElo "2188"]
[BlackElo "2410"]
[PlyCount "81"]
[EventDate "2014.03.03"]
[EventType "swiss"]
[EventRounds "11"]
[EventCountry "ARM"]
[Source "lmi"]
[SourceDate "2014.03.02"]

1. d4 Nf6 2. c4 c5 3. d5 b5 4. cxb5 a6 5. bxa6 g6 6. Nc3 Bxa6 7. e4 Bxf1 8.
Kxf1 d6 9. Nf3 Bg7 10. g3 O-O 11. Kg2 Na6 12. Qe2 Nb4 13. Bg5 Qb6 14. Rad1 Rfb8
15. a3 Na6 16. Rb1 h6 17. Bxf6 Bxf6 18. Qe3 Bg7 19. h4 h5 20. Nd2 Nc7 21. a4
Qb4 22. Rhc1 Bd4 23. Qg5 Bf6 24. Qh6 Ne8 25. e5 Bxe5 26. Nf3 Bg7 27. Qe3 Rb7
28. b3 Bxc3 29. Rxc3 Nf6 30. Rc4 Qa5 31. Qd3 Rab8 32. Nd2 Qa8 33. Qf3 Rb4 34.
Rxb4 Rxb4 35. Re1 Kf8 36. a5 Qxa5 37. Qe3 Nxd5 38. Qh6+ Kg8 39. Ne4 Qa8 40. f3
Qf8 41. Qf4 0-1

[Event "Europa ch 2014"]
[Site "Yerevan ARM"]
[Date "2014.03.05"]
[Round "3.100"]
[White "Gasparian, Tigran"]
[Black "Schachinger, Mario"]
[Result "0-1"]
[WhiteElo "2165"]
[BlackElo "2398"]
[PlyCount "92"]
[EventDate "2014.03.03"]
[EventType "swiss"]
[EventRounds "11"]
[EventCountry "ARM"]
[Source "lmi"]
[SourceDate "2014.03.02"]

1. e4 c6 2. Nc3 d5 3. Nf3 Bg4 4. h3 Bxf3 5. Qxf3 e6 6. g3 Nf6 7. Bg2 Be7 8. O-O
O-O 9. d3 Nbd7 10. g4 Ne8 11. Qg3 d4 12. Ne2 Bh4 13. Qh2 e5 14. f4 exf4 15.
Bxf4 Nc5 16. Ng3 Ne6 17. Bd2 g6 18. e5 f6 19. Ne4 f5 20. gxf5 gxf5 21. Nd6 Nxd6
22. exd6 Qf6 23. Kh1 Kh8 24. c3 Rg8 25. Bf4 Nxf4 26. Qxf4 dxc3 27. bxc3 Qg7 28.
Bf3 Bg3 29. Qxf5 Raf8 30. Qh5 Rf6 31. d7 Rh6 32. Qf5 Rf6 33. Qh5 Qxd7 34. Be4
Bf2 35. Rab1 b6 36. Rb2 Rgf8 37. Rbxf2 Rxf2 38. Qe5+ Qg7 39. Qxg7+ Kxg7 40.
Rg1+ Kh6 41. Rg4 R8f4 42. Rxf4 Rxf4 43. Bxc6 Rf2 44. a4 Kg5 45. Kg1 Rc2 46. c4
Kh4 0-1

[Event "Europa ch 2014"]
[Site "Yerevan ARM"]
[Date "2014.03.05"]
[Round "3.101"]
[White "Vardanian, Hamazasp"]
[Black "Sanal, Vahap"]
[Result "0-1"]
[WhiteElo "2138"]
[BlackElo "2390"]
[PlyCount "116"]
[EventDate "2014.03.03"]
[EventType "swiss"]
[EventRounds "11"]
[EventCountry "ARM"]
[Source "lmi"]
[SourceDate "2014.03.02"]

1. c4 Nf6 2. Nc3 e6 3. e4 d5 4. e5 Ne4 5. Nf3 Nc6 6. d4 Be7 7. cxd5 exd5 8. Qb3
Nxc3 9. bxc3 O-O 10. Bd3 h6 11. O-O b6 12. Bb1 f5 13. exf6 Rxf6 14. Ne5 Qd6 15.
Re1 Be6 16. g4 Rxf2 17. Be3 Rf6 18. Bd2 g5 19. Qc2 Kf8 20. Qh7 Nxe5 21. Rxe5
Bg8 22. Qh8 Rf7 23. Bf5 Qf6 24. Qxf6 Rxf6 25. h4 Bd6 26. hxg5 hxg5 27. Re2 Bf4
28. Bxf4 gxf4 29. Kg2 Rc6 30. Rc1 Rc4 31. Kf3 c5 32. Rd2 Ke7 33. Kxf4 Kd6 34.
g5 Rf8 35. Kg4 cxd4 36. Rxd4 Rc7 37. g6 Ke5 38. Re1+ Kf6 39. Re3 Rd8 40. Red3
Re8 41. Rf3 Kg7 42. Ra4 Re1 43. Ra6 Rg1+ 44. Kf4 Kf6 45. Bd3 Be6 46. Ke3+ Ke5
47. Ra3 Rg2 48. Rf2 Rxc3 49. Rxg2 Rxa3 50. g7 d4+ 51. Kd2 Rxa2+ 52. Bc2 Bg8 53.
Rf2 Bc4 54. Kc1 Ra3 55. Rf5+ Kd6 56. Rf1 Kc5 57. Rf5+ Kd6 58. Rf4 Rg3 0-1

[Event "Europa ch 2014"]
[Site "Yerevan ARM"]
[Date "2014.03.05"]
[Round "3.102"]
[White "Bykov, Egor"]
[Black "Gevorgyan, David"]
[Result "0-1"]
[WhiteElo "2089"]
[BlackElo "2388"]
[PlyCount "84"]
[EventDate "2014.03.03"]
[EventType "swiss"]
[EventRounds "11"]
[EventCountry "ARM"]
[Source "lmi"]
[SourceDate "2014.03.02"]

1. d4 Nf6 2. Nf3 e6 3. c4 b6 4. Nc3 Bb7 5. Bg5 Be7 6. e3 h6 7. Bh4 O-O 8. Bd3
d5 9. cxd5 Nxd5 10. Bxe7 Qxe7 11. Nxd5 Bxd5 12. O-O Nd7 13. Qa4 Bxf3 14. gxf3
c5 15. Be4 Rad8 16. Qxa7 cxd4 17. exd4 Qb4 18. Rfd1 Qxb2 19. Qa4 Nf6 20. Rab1
Qc3 21. Rxb6 Nxe4 22. fxe4 Qf3 23. Qc2 Rc8 24. Qd3 Qg4+ 25. Kf1 Rc3 26. Qxc3
Qxd1+ 27. Qe1 Qxd4 28. Rb4 Qe5 29. Kg2 Qg5+ 30. Kh1 Rc8 31. Rb1 Rc2 32. a4 Qh4
33. Kg1 Qg4+ 34. Kf1 Qf3 35. Kg1 Re2 36. Qf1 Rxe4 37. Rb8+ Kh7 38. Qb1 f5 39.
Rb6 Rg4+ 40. Kf1 Qh1+ 41. Ke2 Re4+ 42. Kd2 Qxh2 0-1

[Event "Europa ch 2014"]
[Site "Yerevan ARM"]
[Date "2014.03.05"]
[Round "3.103"]
[White "Ali Marandi, Cemil Can"]
[Black "Hairapetian, Anna"]
[Result "1-0"]
[WhiteElo "2380"]
[BlackElo "2188"]
[PlyCount "95"]
[EventDate "2014.03.03"]
[EventType "swiss"]
[EventRounds "11"]
[EventCountry "ARM"]
[Source "lmi"]
[SourceDate "2014.03.02"]

1. e4 e5 2. Nf3 Nc6 3. Bb5 a6 4. Ba4 Nf6 5. O-O b5 6. Bb3 Bc5 7. c3 d6 8. d4
Bb6 9. h3 Bb7 10. Re1 h6 11. Be3 exd4 12. cxd4 Na5 13. Bc2 O-O 14. Nbd2 Re8 15.
d5 Bxe3 16. Rxe3 c6 17. b4 Nc4 18. Nxc4 bxc4 19. dxc6 Bxc6 20. Qd4 Qc8 21. Rae1
a5 22. Qxd6 Qb7 23. e5 Re6 24. Qc5 Nd5 25. Nd4 Nxe3 26. Rxe3 axb4 27. Nxe6 fxe6
28. Qxc4 Bd5 29. Qd3 Ra3 30. Qh7+ Kf8 31. Bg6 Qc6 32. Qh8+ Ke7 33. Qxg7+ Kd8
34. Qf8+ Kc7 35. Qxb4 Rxe3 36. fxe3 Bxg2 37. Qd6+ Kb7 38. Qxc6+ Bxc6 39. Kf2
Bd5 40. Kg3 Bxa2 41. Kh4 Kc6 42. Be4+ Bd5 43. Bxd5+ Kxd5 44. Kh5 Kxe5 45. Kxh6
Kf5 46. h4 e5 47. h5 Kf6 48. e4 1-0

[Event "Europa ch 2014"]
[Site "Yerevan ARM"]
[Date "2014.03.05"]
[Round "3.104"]
[White "Nersisyan, Garnik"]
[Black "Kalashian, David"]
[Result "0-1"]
[WhiteElo "2063"]
[BlackElo "2380"]
[PlyCount "80"]
[EventDate "2014.03.03"]
[EventType "swiss"]
[EventRounds "11"]
[EventCountry "ARM"]
[Source "lmi"]
[SourceDate "2014.03.02"]

1. e4 c6 2. d4 g6 3. Nc3 Bg7 4. Be3 d6 5. Qd2 Nd7 6. O-O-O b5 7. f4 Ngf6 8. e5
b4 9. exf6 bxc3 10. Qxc3 Nxf6 11. Qxc6+ Bd7 12. Qa6 Ng4 13. Qa3 Qc7 14. h3 Rc8
15. Rd2 Nxe3 16. Qxe3 O-O 17. Ne2 e5 18. fxe5 dxe5 19. d5 e4 20. Kb1 Qa5 21.
Nc1 f5 22. Nb3 Qa4 23. c4 f4 24. Qe1 e3 25. Rd1 Bf5+ 26. Bd3 Qxc4 27. Bxf5 Rxf5
28. Rc1 Qe4+ 29. Ka1 Rc2 30. Rxc2 Qxc2 31. Qc1 Qxg2 32. Qc8+ Rf8 33. Qe6+ Kh8
34. Rb1 f3 35. Qe4 e2 36. Nd2 f2 37. Qxg2 e1=Q 38. Nf3 Bxb2+ 39. Kxb2 Rb8+ 40.
Ka3 Qa5# 0-1

[Event "Europa ch 2014"]
[Site "Yerevan ARM"]
[Date "2014.03.05"]
[Round "3.105"]
[White "Qashashvili, Alexandre"]
[Black "Erenberg, Ariel"]
[Result "1-0"]
[WhiteElo "2378"]
[BlackElo "2092"]
[PlyCount "135"]
[EventDate "2014.03.03"]
[EventType "swiss"]
[EventRounds "11"]
[EventCountry "ARM"]
[Source "lmi"]
[SourceDate "2014.03.02"]

1. e4 c5 2. Nf3 e6 3. d4 cxd4 4. Nxd4 Nc6 5. Nc3 Qc7 6. g3 a6 7. Bg2 Nf6 8. O-O
Bc5 9. Nb3 Ba7 10. Qe2 O-O 11. Bg5 d6 12. Rad1 Ne5 13. Kh1 Nc4 14. Bc1 e5 15.
Nd2 Be6 16. Nd5 Nxd5 17. exd5 Nxd2 18. Bxd2 Bd7 19. Rc1 b5 20. f4 exf4 21. Bxf4
Rae8 22. Qd3 Bc5 23. c3 Bg4 24. Rfe1 Bf2 25. Rxe8 Rxe8 26. h3 Bh5 27. g4 Bg6
28. Qf3 Ba7 29. Qg3 Bb8 30. Re1 Rxe1+ 31. Qxe1 f6 32. Qe2 Bf7 33. a4 Qd7 34.
Kh2 Ba7 35. axb5 axb5 36. Be4 g6 37. Bd3 Be8 38. b4 Bb6 39. Bh6 Bd8 40. Kg3 Kh8
41. Be3 Qe7 42. Bd4 Kg8 43. Qxe7 Bxe7 44. c4 Bf7 45. Kf4 bxc4 46. Bxc4 Kf8 47.
b5 Ke8 48. Ba7 Bd8 49. b6 g5+ 50. Ke3 h5 51. b7 Bc7 52. b8=Q+ Bxb8 53. Bxb8
hxg4 54. hxg4 Ke7 55. Kd4 Be8 56. Bd3 Bd7 57. Bf5 Be8 58. Be6 Bb5 59. Kc3 Ba4
60. Kb4 Be8 61. Ba7 Bg6 62. Bd4 Be8 63. Ka5 Bg6 64. Kb6 Bc2 65. Kc7 Ba4 66. Bc3
Bb3 67. Bb4 Bxd5 68. Bxd5 1-0

[Event "Europa ch 2014"]
[Site "Yerevan ARM"]
[Date "2014.03.05"]
[Round "3.107"]
[White "Sargsyan, Shant"]
[Black "Nuber, Blasius"]
[Result "1-0"]
[WhiteElo "2027"]
[BlackElo "2359"]
[PlyCount "69"]
[EventDate "2014.03.03"]
[EventType "swiss"]
[EventRounds "11"]
[EventCountry "ARM"]
[Source "lmi"]
[SourceDate "2014.03.02"]

1. d4 d5 2. c4 c6 3. Nf3 Nf6 4. Nc3 a6 5. c5 g6 6. Bf4 Bg7 7. e3 O-O 8. h3 Nbd7
9. Bd3 Ne8 10. b4 Nc7 11. O-O Re8 12. Bg5 Nf8 13. Qc2 Be6 14. a4 f6 15. Bh4 Qd7
16. b5 axb5 17. axb5 Bf5 18. bxc6 bxc6 19. Bg3 Bxd3 20. Qxd3 Rxa1 21. Rxa1 Ra8
22. Rxa8 Nxa8 23. Qa6 Nc7 24. Qa7 Nce6 25. Qa8 Nd8 26. Na4 Nfe6 27. Nb6 Qb7 28.
Qa2 Nc7 29. Bxc7 Qxc7 30. Qa8 Kf7 31. Ne1 e5 32. dxe5 fxe5 33. e4 d4 34. Nc4
Nb7 35. Qxb7 1-0

[Event "Europa ch 2014"]
[Site "Yerevan ARM"]
[Date "2014.03.05"]
[Round "3.108"]
[White "Hayrapetyan, Hovik"]
[Black "Avetisyan, Ashot"]
[Result "0-1"]
[WhiteElo "2458"]
[BlackElo "2121"]
[PlyCount "94"]
[EventDate "2014.03.03"]
[EventType "swiss"]
[EventRounds "11"]
[EventCountry "ARM"]
[Source "lmi"]
[SourceDate "2014.03.02"]

1. d4 d5 2. c4 c6 3. cxd5 cxd5 4. Nc3 e5 5. e3 e4 6. f3 exf3 7. Nxf3 Nc6 8. Bd3
Nf6 9. O-O Bd6 10. e4 dxe4 11. Nxe4 Nxe4 12. Bxe4 h6 13. d5 Ne7 14. b3 O-O 15.
Bb2 Bf5 16. Bxf5 Nxf5 17. Qd3 Ne7 18. Kh1 a6 19. Nd2 Ng6 20. a4 Qh4 21. g3 Qh3
22. Nc4 Bc5 23. b4 Bxb4 24. Qd4 f6 25. d6 Rad8 26. Qd5+ Kh8 27. Bd4 b5 28. Rfb1
Ne7 29. Qg2 Qxg2+ 30. Kxg2 Bxd6 31. axb5 axb5 32. Rxb5 Bb8 33. Bc5 Rfe8 34. Re1
Ng6 35. Rxe8+ Rxe8 36. Bf2 Be5 37. h4 h5 38. Ne3 Re7 39. Kf3 Rd7 40. g4 hxg4+
41. Nxg4 Rd3+ 42. Ke4 Rh3 43. Ra5 Kh7 44. Ra7 Rb3 45. Ra4 Bg3 46. Ra7 f5+ 47.
Kxf5 Rf3+ 0-1

[Event "Europa ch 2014"]
[Site "Yerevan ARM"]
[Date "2014.03.05"]
[Round "3.109"]
[White "Petrosian, Davit G"]
[Black "Hudyakov, Sergey"]
[Result "1-0"]
[WhiteElo "2431"]
[BlackElo "2107"]
[PlyCount "83"]
[EventDate "2014.03.03"]
[EventType "swiss"]
[EventRounds "11"]
[EventCountry "ARM"]
[Source "lmi"]
[SourceDate "2014.03.02"]

1. e4 e6 2. d4 d5 3. Nc3 Bb4 4. e5 c5 5. dxc5 Nc6 6. Nf3 Bxc5 7. Bd3 Nge7 8.
O-O Ng6 9. Bg5 Qc7 10. Nb5 Qb8 11. c4 dxc4 12. Bxg6 hxg6 13. Rc1 Bd7 14. Rxc4
Nxe5 15. Bf4 Bxb5 16. Rxc5 Bxf1 17. Bxe5 Qd8 18. Qxd8+ Rxd8 19. Kxf1 f6 20. Bc3
e5 21. h3 Kd7 22. Ke2 Ke6 23. h4 Rd7 24. Rc4 Rdd8 25. Nd2 b5 26. Rg4 Kf5 27. f3
Rd7 28. g3 g5 29. hxg5 Rh2+ 30. Ke3 Ke6 31. gxf6 gxf6 32. Rg8 Rg2 33. g4 Rh2
34. Ne4 Kf7 35. Rc8 Rh6 36. Rc6 Rg6 37. f4 Re7 38. f5 Rh6 39. g5 Rh3+ 40. Kf2
Rh4 41. gxf6 Rd7 42. Ng5+ 1-0